[Event "Mistrovstvi Cech 2019 - HD14"]
[Site "Prichovice u Korenova"]
[Date "2019.10.30"]
[Round "5"]
[White "Sulcova, Tereza Radmila"]
[Black "Nagyova, Daniela"]
[Result "1-0"]
[WhiteElo "1369"]
[BlackElo "1532"]
[EventDate "2019.10.26"]
[PlyCount "119"]

1. d4 Nf6 2. Nf3 e6 3. e3 b6 4. Bd3 Bb7 5. Nbd2 d5 6. O-O Be7 7. Qe2 O-O 8. e4
dxe4 9. Nxe4 Nxe4 10. Bxe4 Bxe4 11. Qxe4 Nd7 12. c4 c5 13. b3 cxd4 14. Bb2 Nc5
15. Qxd4 Qxd4 16. Bxd4 Rfd8 17. Rad1 f6 18. b4 Na6 19. a3 e5 20. Be3 g6 21. Rd2
Rxd2 22. Bxd2 e4 23. Nd4 Rd8 24. Be3 Re8 25. Rc1 f5 26. Kf1 Bf6 27. Nb5 Rd8 28.
Ke2 Rd7 29. Rd1 Rf7 30. Kd2 g5 31. g3 h6 32. Nd6 Rd7 33. Kc2 Rc7 34. Kb3 Rd7
35. Rd2 Be5 36. Nxf5 Rxd2 37. Bxd2 Kh7 38. Be3 h5 39. Nd4 Nb8 40. Nb5 a6 41.
Nc3 h4 42. Nxe4 hxg3 43. Nxg5+ Kg6 44. hxg3 b5 45. cxb5 axb5 46. Nf3 Bc7 47.
Nd4 Bb6 48. Kc3 Na6 49. Nxb5 Bd8 50. Kc4 Bf6 51. Bd4 Bg5 52. f4 Bd8 53. g4 Bh4
54. Nd6 Bg3 55. Be3 Be1 56. b5 Nb8 57. f5+ Kh7 58. g5 Nd7 59. g6+ Kg8 60. Bd4
1-0

[Event "Mistrovstvi Cech 2019 - HD14"]
[Site "Prichovice u Korenova"]
[Date "2019.10.30"]
[Round "5"]
[White "Martinkova, Magdalena"]
[Black "Seidl, Jan"]
[Result "1/2-1/2"]
[WhiteElo "1519"]
[BlackElo "1396"]
[PlyCount "118"]
[EventDate "2019.10.26"]

1. e4 c6 2. d4 d5 3. Nc3 dxe4 4. Nxe4 Bf5 5. Ng3 Bg6 6. h4 h6 7. h5 Bh7 8. Nf3
Nd7 9. Bd3 Bxd3 10. Qxd3 Qc7 11. Bd2 Ngf6 12. O-O-O O-O-O 13. c4 e6 14. Ne4
Nxe4 15. Qxe4 Nf6 16. Qe2 c5 17. g3 Bd6 18. Bc3 cxd4 19. Nxd4 a6 20. Kb1 Rhe8
21. Nf3 e5 22. c5 Bxc5 23. Rxd8+ Qxd8 24. Nxe5 Qc7 25. f4 Nd7 26. Qg4 f6 27.
Ba5 b6 28. Bxb6 Bxb6 29. Rc1 Qxc1+ 30. Kxc1 fxe5 31. fxe5 Rxe5 32. Qxg7 Rxh5
33. Qg6 Re5 34. Qc6+ Kd8 35. Qa8+ Ke7 36. Qxa6 Rg5 37. Qe2+ Kd8 38. Qf3 Re5 39.
a4 Ba5 40. Kb1 Bc7 41. b4 Rg5 42. g4 Re5 43. a5 Rb5 44. Kc2 Rxb4 45. a6 Bb8 46.
Qa3 Rxg4 47. Qa5+ Ke7 48. a7 Bxa7 49. Qxa7 Rg6 50. Qe3+ Re6 51. Qd4 Ne5 52.
Qh4+ Kd7 53. Qd4+ Ke7 54. Qc5+ Kd7 55. Qa7+ Ke8 56. Qa4+ Ke7 57. Qb4+ Kf6 58.
Qf8+ Nf7 59. Qb8 Ne5 1/2-1/2

[Event "Mistrovstvi Cech 2019 - HD16"]
[Site "Prichovice u Korenova"]
[Date "2019.10.30"]
[Round "5"]
[White "Jares, Michal"]
[Black "Habenicht, Martin"]
[Result "1/2-1/2"]
[WhiteElo "1922"]
[BlackElo "1839"]
[EventDate "2019.10.26"]

1. d4  Nf6  2. Nf3  c5
3. d5  b5  4. c4
b4  5. Nbd2  g6
6. e4  d6  7. Bd3  Bg7
8. O-O  O-O  9. Re1
Nbd7  10. h3  Nh5
11. Nf1  e5  12. g3
Nb6  13. h4  Qe8
14. Bd2  f5 1/2-1/2

[Event "Mistrovstvi Cech 2019 - HD16"]
[Site "Prichovice u Korenova"]
[Date "2019.10.30"]
[Round "5"]
[White "Bartos, Vaclav"]
[Black "Hejsek, Lukas"]
[Result "0-1"]
[WhiteElo "1921"]
[BlackElo "1887"]
[EventDate "2019.10.26"]

1. d4  Nf6  2. Nf3  d5
3. c4  e6  4. Bf4
Be7  5. e3  O-O
6. Nbd2  Nbd7  7. Bd3  c5
8. dxc5  Nxc5  9. Be2
b6  10. cxd5  Nxd5
11. Be5  Nb4  12. O-O
Nbd3  13. Bd4  Nb4
14. Nc4  Bb7  15. Bc3
Ne4  16. Bxb4  Bxb4
17. Qb3  Qe7  18. Rfd1
Rfd8  19. Rd3  Bd5
20. a3  Bd6  21. Qa4
Nc5  22. Qc2  Nxd3
23. Bxd3  Rac8  24. Qe2
Bxf3  25. gxf3  Qh4
26. f4  Rc5  27. Rd1
Bc7  28. f3  Rcd5
29. Bc2  Rxd1+  30. Bxd1
b5  31. Ne5  Bxe5
32. fxe5  Qg5+  33. Kh1
Qxe5  34. Bc2  Qd5
0-1

[Event "Mistrovstvi Cech 2019 - HD16"]
[Site "Prichovice u Korenova"]
[Date "2019.10.30"]
[Round "5"]
[White "Janouch, Jachym Stepan"]
[Black "Ret, Adam Josef"]
[Result "1/2-1/2"]
[WhiteElo "1819"]
[BlackElo "2047"]
[EventDate "2019.10.26"]

1. e4  d6  2. d4  Nf6
3. Nc3  e5  4. Nf3
Nbd7  5. g4  Nxg4
6. Rg1  Ngf6  7. Bc4
h6  8. dxe5  Nxe5
9. Nxe5  dxe5  10. Bxf7+
Ke7  11. Qxd8+  Kxd8
12. f4  Nd7  13. Be3
exf4  14. Bxf4  g5
15. Bg3  Bg7  16. O-O-O
c6  17. e5  Ke7
18. Rge1  Nc5  19. e6  Nxe6
20. Bxe6  Bxe6  21. Rd2
Bxc3  22. bxc3  Rae8
23. h4  Rhg8  24. h5
Kf7  25. Be5  Rgf8
26. Bd6  1/2-1/2

[Event "Mistrovstvi Cech 2019 - HD16"]
[Site "Prichovice u Korenova"]
[Date "2019.10.30"]
[Round "5"]
[White "Jirousek, Jan"]
[Black "Stastny, Jakub"]
[Result "1/2-1/2"]
[WhiteElo "2034"]
[BlackElo "1789"]
[EventDate "2019.10.26"]

1. d4  d5  2. Nf3  Nf6
3. e3  c5  4. dxc5
Nc6  5. b3  Bg4
6. Be2  e6  7. O-O  Bxc5
8. Bb2  O-O  9. Nbd2
Qe7  10. c4  Rfd8
11. Qc2  Bf5  12. Qc1
Rac8  13. Nh4  Bg4
14. Bxg4  Nxg4  15. Nhf3
Nb4  16. Qc3  e5
17. Rae1  Nxa2  18. Qc2
Nb4  19. Qf5  Qd7
20. Qxd7  Rxd7  21. h3
Nxf2  22. Nxe5  Re7
23. Kxf2  f6  24. Ke2
fxe5  25. Ba3  Ree8
26. Bxb4  Bxb4  27. Ra1
Bxd2  28. Kxd2  dxc4
29. bxc4  a6  30. Rab1
Re7  31. Rfc1  Rd7+
32. Ke2  Rdc7  33. c5
b5  34. Ra1  Rc6
35. Kd3  Kf7  36. Rf1+
Ke6  37. Ke4  Ra8
38. Rac1  a5  39. Rf5
a4  40. Rxe5+  Kf6
41. Rf1+  Kg6  42. Kd5
Raa6  43. Ra1  Rc8
1/2-1/2

[Event "Mistrovstvi Cech 2019 - HD16"]
[Site "Prichovice u Korenova"]
[Date "2019.10.30"]
[Round "5"]
[White "Langmajer, Jan"]
[Black "Skypala, Ondrej"]
[Result "0-1"]
[WhiteElo "1615"]
[BlackElo "2016"]
[EventDate "2019.10.26"]

1. e4  e6  2. d4  d5
3. Nd2  c5  4. c3
Nc6  5. Ngf3  cxd4
6. cxd4  Bb4  7. Bd3
dxe4  8. Bxe4  Nf6
9. O-O  Nxe4  10. Nxe4
O-O  11. a3  Be7
12. b4  b6  13. Bb2
Bb7  14. Ned2  Qd5
15. Rc1  Rac8  16. Qe2
Rfd8  17. Nc4  Ba6
18. Rfe1  Nxb4  19. Nfd2
Bg5  20. axb4  Bxd2
21. Qxd2  Rxc4  22. Rxc4
Qxc4  23. Rc1  Qd5
24. Qe3  h6  25. h3
Bb7  26. Qg3  a6
27. Rc7  Kf8  28. f3
g5  29. Qe5  Qxe5
30. dxe5  Bxf3  31. Rc2
Be4  32. Re2  Rd1+
33. Kh2  Bd5  34. Bc3
Ke7  35. Bd2  Rb1
36. Kg3  Rb3+  37. Kg4
f5+  38. Kh5  Rg3
39. Kxh6  f4  40. h4
Bxg2  41. hxg5  f3
42. Rf2  Kf7  43. Kh5
Rh3+  44. Kg4  Rh1
45. Be3  Rb1  46. Bd2
Kg6  47. Kf4  Rb2
48. Kg3  b5  49. Kf4
Rc2  50. Ke3  Kf5
51. Kd3  Rc4  52. Bc3
Kxg5  53. Bd2+  Kf5
54. Bc3  Kf4  55. Ra2
Rxc3+  56. Kxc3  Ke3
57. Rxa6  f2  0-1

[Event "Mistrovstvi Cech 2019 - HD16"]
[Site "Prichovice u Korenova"]
[Date "2019.10.30"]
[Round "5"]
[White "Kacirek, Jakub"]
[Black "Hosnedl, Matyas"]
[Result "0-1"]
[WhiteElo "1532"]
[BlackElo "1930"]
[EventDate "2019.10.26"]

1. c4  Nf6  2. Nf3  g6
3. g3  Bg7  4. Bg2
O-O  5. O-O  d5
6. cxd5  Nxd5  7. Nc3  Nxc3
8. bxc3  c5  9. Rb1
Qc7  10. c4  Bf5
11. d3  Nc6  12. Bb2
e5  13. Ng5  Rad8
14. Qb3  b6  15. Ne4
Nd4  16. Bxd4  exd4
17. a4  Rfe8  18. a5
Rb8  19. axb6  axb6
20. Ra1  Bd7  21. Ra6
Bc6  22. Rb1  f5
23. Ng5  Bxg2  24. Kxg2
Qb7+  0-1

[Event "Mistrovstvi Cech 2019 - HD16"]
[Site "Prichovice u Korenova"]
[Date "2019.10.30"]
[Round "5"]
[White "Ocelak, Jakub"]
[Black "Kulhanek, Jachym"]
[Result "0-1"]
[WhiteElo "1870"]
[BlackElo "1777"]
[EventDate "2019.10.26"]

1. d4  Nf6  2. c4  e6
3. Nf3  Be7  4. e3
d5  5. b3  O-O
6. Bd3  b6  7. O-O  Bb7
8. Bb2  Ne4  9. Nc3
f5  10. a4  a5
11. Ne5  Nd7  12. Ne2  Nxe5
13. dxe5  g5  14. Nd4
Qd7  15. cxd5  Bxd5
16. Bb5  Qc8  17. Nc6
Rf7  18. Rc1  Nc5
19. Nd4  Qb7  20. Bc4
Bxg2  21. Nxe6  Bh3
22. Bd5  c6  23. Nxc5
Bxc5  24. Bxf7+  Qxf7
25. Re1  f4  26. Qf3
Qf5  27. e4  g4
28. Qxh3  Bxf2+  29. Kh1  Qg6
30. Qd3  g3  31. Qc4+
Kf8  32. Qxc6  Qh5 33. Rg1 f3
0-1

[Event "Mistrovstvi Cech 2019 - HD16"]
[Site "Prichovice u Korenova"]
[Date "2019.10.30"]
[Round "5"]
[White "Pors, Jaroslav"]
[Black "Husa, Daniel"]
[Result "1/2-1/2"]
[WhiteElo "1850"]
[BlackElo "1832"]
[EventDate "2019.10.26"]

1. d4  d5  2. c4  dxc4
3. Nf3  a6  4. e3
b5  5. a4  Bb7
6. b3  e6  7. bxc4  bxc4
8. Bxc4  Nf6  9. O-O
Be7  10. Ba3  Nbd7
11. Nbd2  c5  12. Qe2
cxd4  13. Nxd4  Bxa3
14. Rxa3  Qe7  15. Rc3
Nc5  16. Bb5+  axb5
17. Qxb5+  Nfd7  18. Rxc5
Qxc5  19. Qxb7  Rb8
20. Qa6  O-O  21. N2b3
Qb6  22. Qxb6  Nxb6
23. Nc6  Ra8  24. a5
Nd5 1/2-1/2

[Event "Mistrovstvi Cech 2019 - HD16"]
[Site "Prichovice u Korenova"]
[Date "2019.10.30"]
[Round "5"]
[White "Svejk, Martin"]
[Black "Hofman, Krystof"]
[Result "1/2-1/2"]
[WhiteElo "1858"]
[BlackElo "2089"]
[EventDate "2019.10.26"]

1. d4  Nf6  2. c4  g6
3. Nc3  Bg7  4. e4
d6  5. Nf3  O-O
6. Be2  Nbd7  7. O-O  c5
8. d5  a6  9. a4
Rb8  10. h3  Ne8
11. Bf4  Nc7  12. Qd2
Nf6  13. Rfe1  b5
14. axb5  axb5  15. e5
Nfe8  16. Ra7  bxc4
17. Bxc4  Bd7  18. Bg5
f6  19. exf6  Nxf6
20. Qe2  Rf7  21. b3
Ra8  22. Rxa8  Nxa8
23. Ne4  Nb6  24. Bxf6
Bxf6  25. Nfg5  Rf8
26. Nxf6+  exf6  27. Ne6
Bxe6  28. dxe6  Qe7
29. Qc2 1/2-1/2

[Event "Mistrovstvi Cech 2019 - HD16"]
[Site "Prichovice u Korenova"]
[Date "2019.10.30"]
[Round "5"]
[White "Brozka, Karel"]
[Black "Vestfal, Jan"]
[Result "1-0"]
[WhiteElo "1940"]
[BlackElo "1748"]
[EventDate "2019.10.26"]

1. d4  d5  2. Nf3  c6
3. c4  e6  4. Nc3
Nf6  5. Bg5  dxc4
6. a4  b5  7. axb5
cxb5  8. e4  Qb6
9. Bxf6  gxf6  10. Be2
Nd7  11. d5  e5
12. Nh4  Nc5  13. O-O  Bd7
14. Bg4  Rg8  15. Bxd7+
Kxd7  16. Qh5  Ke8
17. Nf5  h6  18. d6
Bxd6  19. Nd5  Qd8
20. Rfd1  Nd3  21. Ra6
Nf4  22. Nxf4  1-0

[Event "Mistrovstvi Cech 2019 - HD16"]
[Site "Prichovice u Korenova"]
[Date "2019.10.30"]
[Round "5"]
[White "Cibulka, Josef"]
[Black "Nemec, Jachym"]
[Result "0-1"]
[WhiteElo "1908"]
[BlackElo "1845"]
[EventDate "2019.10.26"]

1. e4  g6  2. Nf3  Bg7
3. d4  c5  4. c4
Nc6  5. d5  Nd4
6. Nxd4  Bxd4  7. Nc3  Bxc3+
8. bxc3  Qa5  9. Qc2
d6  10. Bd3  Bd7
11. O-O  O-O-O  12. Bf4
f6  13. h3  g5
14. Bh2  Nh6  15. Rfb1  Rhg8
16. Qb2  b6  17. Qc1
Kc7  18. Rb3  Qa6
19. Ra3  Qb7  20. Bc2
Nf7  21. Qd1  Ra8
22. Ba4  Bxa4  23. Qxa4
h5  24. Qd1  Rh8
25. Qf3  Qc8  26. Qe2
Qd7  27. Rb1  Rh7
28. Kf1  Nd8  29. Qb2
Nb7  30. Ra6  Rhh8
31. Qa3  Qc8  32. Rxa7
Qb8  33. Ra6  Na5
34. Rbxb6  Qxb6  35. Rxb6
Kxb6  36. Qb2+  Kc7
37. Qb5  Rhb8  38. Qxc5+
Kd7  39. Qd4  Rb1+
40. Ke2  Nb7  41. f4
Rxa2+  42. Kf3  Rf1+
43. Ke3  Nc5  44. fxg5
Raa1  45. Bg3  Rad1
46. g6  Ke8  47. Ke2
Rxd4  48. cxd4  Nxe4
49. Kxf1  Nxg3+  50. Kf2
Nf5  51. c5  Nxd4
52. c6  Nb5  53. Kg3
Kf8  54. Kh4  Kg7
55. Kxh5  Nc7  56. g4
Nxd5  57. g5  f5
0-1

[Event "Mistrovstvi Cech 2019 - HD16"]
[Site "Prichovice u Korenova"]
[Date "2019.10.30"]
[Round "5"]
[White "Rokos, Filip"]
[Black "Malkova, Adriana"]
[Result "1-0"]
[WhiteElo "2065"]
[BlackElo "1551"]
[EventDate "2019.10.26"]

1. e4 c5 2. Nf3 a6 3. Nc3 e6 4. d4 cxd4 5. Nxd4 Qc7 6. Bd3 Nc6 7. Nb3 Nf6 8. O-O
b5 9. f4 Bb7 10. Qf3 Nb4 11. Be3 Nxd3 12. cxd3 g6 13. Rac1 Qb8 14. Na5 Bg7 15.
Bc5 Bc6 16. f5 b4 17. Nxc6 dxc6 18. Ne2 Qc7 19. fxe6 fxe6 20. d4 O-O-O 21. Bxb4
h5 22. Rxc6 Qxc6 23. Rc1 Qxc1+ 24. Nxc1 Rhe8 25. Nb3 e5 26. d5 Rd7 27. Qd3 Ra7
28. Qc4+ Rc7 29. Qxa6+ Rb7 30. Na5 1-0

[Event "Mistrovstvi Cech 2019 - HD16"]
[Site "Prichovice u Korenova"]
[Date "2019.10.30"]
[Round "5"]
[White "Krizek, Krystof"]
[Black "Pulpan, Ondrej"]
[Result "1-0"]
[WhiteElo "1980"]
[BlackElo "1624"]
[EventDate "2019.10.26"]

1. e4  c5  2. Nf3  Nc6
3. d4  cxd4  4. Nxd4
Nf6  5. f3  g6
6. c4  d6  7. Nc3  Bg7
8. Be3  O-O  9. Qd2
Nxd4  10. Bxd4  Be6
11. Be2  Rc8  12. b3
Qa5  13. Rc1  Rc6
14. Nd5  Qxd2+  15. Kxd2
Bxd5  16. exd5  Ra6
17. Rc2  Ne4+  18. Kd3
Nc5+  19. Kc3  e6
20. Bxg7  Kxg7  21. b4
Nd7  22. c5  Ra3+
23. Kb2  Re3  24. c6
bxc6  25. dxc6  Rxe2
26. Rxe2  Ne5  27. Rc2
Rc8  28. b5  Nd3+
29. Kb3  Rb8  30. a4
Nc5+  31. Rxc5  dxc5
32. Kc4  Kf6  33. Kxc5
1-0

[Event "Mistrovstvi Cech 2019 - HD16"]
[Site "Prichovice u Korenova"]
[Date "2019.10.30"]
[Round "5"]
[White "Rousek, Jan"]
[Black "Voriskova, Anna"]
[Result "0-1"]
[WhiteElo "1607"]
[BlackElo "1960"]
[EventDate "2019.10.26"]

1. c4  c5  2. Nf3  Nc6
3. Nc3  g6  4. e4
Bg7  5. Be2  e5
6. d3  Nge7  7. Bg5  O-O
8. Qd2  d6  9. h4
h5  10. Nh2  f6
11. Bh6  f5  12. Bg5  Qe8
13. exf5  Nxf5  14. g4
Nfd4  15. gxh5  Na5
16. Nd5  Nac6  17. h6
Bh8  18. O-O-O  Rxf2
19. Rde1  Nb4  20. Rhf1
Rxh2  21. Nc7  Qa4
22. h7+  Kxh7  23. Rf7+
Bg7  24. Rxg7+  Kxg7
25. Bh6+  Kh7  26. Bd1
Qxa2  27. Qxh2  Qa1+
28. Kd2  Qxb2+  29. Ke3
Qxh2  0-1

[Event "Mistrovstvi Cech 2019 - HD16"]
[Site "Prichovice u Korenova"]
[Date "2019.10.30"]
[Round "5"]
[White "Hurtik, Matej"]
[Black "Holub, Adam"]
[Result "1-0"]
[WhiteElo "1924"]
[BlackElo "1549"]
[EventDate "2019.10.26"]

1. e4  e6  2. d4  d5
3. Nd2  Nf6  4. e5
Nfd7  5. Bd3  c5
6. c3  Nc6  7. Ne2
Qb6  8. Nf3  cxd4
9. cxd4  f6  10. Nf4
Ndxe5  11. Nxe5  fxe5
12. Qh5+  Kd8  13. dxe5
Bb4+  14. Kf1  Qc7
15. Ng6  Re8  16. Bg5+
Be7  17. Nxe7  Nxe7
18. Rc1  Qb6  19. Qxh7
Qd4  20. Bg6  Qxe5
21. Qh4  Qxb2  22. Qg3
e5  23. Re1  Rf8
24. Bxe7+  Kxe7  25. Rxe5+
Be6  26. Re2  Qc1+
27. Re1  Qc4+  28. Bd3
Qd4  29. Qc7+  Kf6
30. Re3  Qa1+  31. Ke2
Qxa2+  32. Kd1  Qa1+
33. Kd2  Qb2+  34. Bc2
Qd4+  35. Rd3  Qxf2+
36. Kd1  Bg4+  37. Kc1
Rae8  38. Qd6+  Kg5
39. h4+  Kh5  40. Rxd5+
Bf5  41. Bd1+  Re2
42. Bxe2+  Qxe2  43. Qc5
Qe4  44. g4+  Qxg4
45. Rf1  g6  46. Rd7
Rh8  47. Qc3  Rh6
48. Rd4  Qg2  49. Re1
Qc6  50. Rc4  Qg2
51. Qe3  Rh7  52. Rg1
Re7  53. Qd4  Qe2
54. Qh8+  Rh7  55. Qxh7#
1-0

[Event "Mistrovstvi Cech 2019 - HD16"]
[Site "Prichovice u Korenova"]
[Date "2019.10.30"]
[Round "5"]
[White "Strnadova, Monika"]
[Black "Hrbek, Tomas"]
[Result "1-0"]
[WhiteElo "1488"]
[BlackElo "1913"]
[EventDate "2019.10.26"]

1. e4  e5  2. Nf3  Nf6
3. Nxe5  d6  4. Nxf7
Kxf7  5. Nc3  Be7
6. Bc4+  Be6  7. Bxe6+
Kxe6  8. d4  Re8
9. O-O  Kf7  10. f4
Kg8  11. g4  d5
12. e5  Ne4  13. Nxe4  dxe4
14. d5  Bc5+  15. Kh1
Nd7  16. b4  Bxb4
17. Qd4  Bc5  18. Qc4
Kh8  19. e6  Bb6
20. exd7  Qxd7  21. f5
Rad8  22. Rd1  Re5
23. Bb2  Rxd5  24. Re1
Bd4  25. c3  Bf2
26. Rxe4  Rd1+  27. Kg2
Bb6  28. Rxd1  Qxd1
29. Qe2  h6  30. Qxd1
Rxd1  31. Re2  Kg8
32. Kf3  Kf7  33. c4
Rd3+  34. Ke4  Rh3
35. Be5  Ra3  36. Rd2
Ra4  37. Rd7+  Ke8
38. Rxg7  Rxc4+  39. Kd3
Rc6  40. f6  Re6
41. Bb2  Re3+  42. Kd2
Rh3  43. Be5  Ra3
44. h4  Rxa2+  45. Kd3
Ra3+  46. Ke4  Rh3
47. Kf5  Rf3+  48. Ke6
Kf8  49. Rh7  Kg8
50. Rxh6  Be3  51. f7+
Kf8  52. Rh8# 1-0

[Event "Mistrovstvi Cech 2019 - HD16"]
[Site "Prichovice u Korenova"]
[Date "2019.10.30"]
[Round "5"]
[White "Macok, Martin"]
[Black "Ruzicka, Filip"]
[Result "0-1"]
[WhiteElo "1583"]
[BlackElo "1792"]
[EventDate "2019.10.26"]
[PlyCount "50"]

1. e4 c5 2. Nf3 Nc6 3. d4 cxd4 4. Nxd4 Nf6 5. Nc3 e5 6. Nf5 d6 7. Ng3 Be7 8.
Be2 O-O 9. f4 Nd4 10. O-O Qb6 11. Kh1 Nxe2 12. Qxe2 Bg4 13. Qe3 Qxe3 14. Bxe3
Be6 15. h3 Rfd8 16. Rfd1 a6 17. Bb6 Rdc8 18. f5 Bd7 19. a4 Rc6 20. a5 Bd8 21.
Na4 Be7 22. Rd2 Rc4 23. b3 Rb4 24. Nc3 Rc8 25. Ra2 Rxc3 0-1

[Event "Mistrovstvi Cech 2019 - HD16"]
[Site "Prichovice u Korenova"]
[Date "2019.10.30"]
[Round "5"]
[White "Matejicek, Vojtech"]
[Black "Chval, Zdenek"]
[Result "1/2-1/2"]
[WhiteElo "1455"]
[BlackElo "1782"]
[PlyCount "134"]
[EventDate "2019.10.26"]

1. d4 Nf6 2. Nf3 g6 3. g3 Bg7 4. Bg2 O-O 5. O-O d6 6. c4 c5 7. dxc5 dxc5 8. Nc3
Nbd7 9. Qb3 Qb6 10. Qc2 Rd8 11. Na4 Qc7 12. Rd1 Rb8 13. Bf4 e5 14. Nxe5 Nxe5
15. Rxd8+ Qxd8 16. Bxe5 Ra8 17. Nxc5 Qb6 18. Nb3 Bf5 19. Qc3 Rd8 20. Qa5 Qxa5
21. Nxa5 b6 22. Nc6 Re8 23. Rd1 Nd7 24. Bxg7 Kxg7 25. Nd4 Nc5 26. Nxf5+ gxf5
27. Bf3 Na4 28. Rd2 Rc8 29. b3 Nc5 30. Rd5 Kf6 31. Kg2 Re8 32. h3 Rg8 33. b4
Ne6 34. Kh2 Rc8 35. Rd7 Rxc4 36. Rxa7 Rxb4 37. Bh5 Ng5 38. h4 Ne4 39. Rxf7+ Ke6
40. Rxh7 Nxf2 41. Rh6+ Ke5 42. Bf3 Rb2 43. h5 Ng4+ 44. Bxg4 fxg4 45. Kg1 Rxe2
46. Rxb6 Rxa2 47. Rb3 Ra1+ 48. Kf2 Ra2+ 49. Ke3 Ra4 50. h6 Kf6 51. Rb6+ Kf7 52.
Rd6 Kg8 53. Rd7 Kh8 54. Rd4 Rxd4 55. Kxd4 Kh7 56. Ke5 Kxh6 57. Kf6 Kh5 58. Kf5
Kh6 59. Kxg4 Kg6 60. Kf4 Kf6 61. g4 Kg6 62. g5 Kg7 63. Kf5 Kf7 64. g6+ Kg7 65.
Kg5 Kg8 66. Kf4 Kg7 67. Kf5 Kg8 1/2-1/2

[Event "Mistrovstvi Cech 2019 - FIDE"]
[Site "?"]
[Date "2019.10.30"]
[Round "6.1"]
[White "Hurdzan, Tomas"]
[Black "Jun, Rudolf"]
[Result "1-0"]
[BlackElo "2105"]
[WhiteElo "2229"]
[LiveChessVersion "1.4.8"]

1. d4 {[%clk 1:29:24]} Nf6 {[%clk 1:30:51]} 2. c4 {[%clk 1:29:45]} g6
{[%clk 1:31:14]} 3. Nc3 {[%clk 1:29:46]} Bg7 {[%clk 1:31:35]} 4. e4
{[%clk 1:30:10]} d6 {[%clk 1:32:02]} 5. f3 {[%clk 1:30:16]} O-O {[%clk 1:32:09]}
6. Be3 {[%clk 1:30:30]} e5 {[%clk 1:32:04]} 7. Nge2 {[%clk 1:30:28]} Nc6
{[%clk 1:32:15]} 8. d5 {[%clk 1:30:24]} Ne7 {[%clk 1:32:31]} 9. Qd2
{[%clk 1:30:06]} Ne8 {[%clk 1:26:34]} 10. g4 {[%clk 1:29:48]} f5 {[%clk 1:23:21]}
11. h3 {[%clk 1:26:45]} c5 {[%clk 1:17:29]} 12. a3 {[%clk 1:11:38]} b6
{[%clk 1:12:20]} 13. Nc1 {[%clk 1:10:13]} Bd7 {[%clk 1:10:13]} 14. Rb1
{[%clk 1:06:43]} Rb8 {[%clk 1:09:55]} 15. Nd3 {[%clk 1:03:29]} Nf6
{[%clk 0:55:34]} 16. b4 {[%clk 1:01:01]} a5 {[%clk 0:53:35]} 17. Be2
{[%clk 0:56:26]} axb4 {[%clk 0:52:24]} 18. axb4 {[%clk 0:56:52]} Ra8
{[%clk 0:50:09]} 19. Rg1 {[%clk 0:55:22]} f4 {[%clk 0:50:01]} 20. Bf2
{[%clk 0:55:45]} Ne8 {[%clk 0:50:19]} 21. g5 {[%clk 0:49:13]} Ra3
{[%clk 0:48:52]} 22. h4 {[%clk 0:45:01]} Rf7 {[%clk 0:45:39]} 23. Qb2
{[%clk 0:41:46]} Ra8 {[%clk 0:44:41]} 24. Kd2 {[%clk 0:40:11]} Nc8
{[%clk 0:43:56]} 25. Ra1 {[%clk 0:39:50]} Rxa1 {[%clk 0:44:16]} 26. Rxa1
{[%clk 0:39:48]} Bh3 {[%clk 0:44:04]} 27. Rh1 {[%clk 0:35:23]} Bd7
{[%clk 0:43:42]} 28. Qa3 {[%clk 0:34:41]} Qc7 {[%clk 0:42:17]} 29. Ra1
{[%clk 0:33:32]} Qd8 {[%clk 0:41:21]} 30. Qa8 {[%clk 0:30:01]} Qc7
{[%clk 0:40:45]} 31. Qa6 {[%clk 0:26:05]} Qb8 {[%clk 0:36:24]} 32. Rb1
{[%clk 0:24:47]} Qa7 {[%clk 0:36:24]} 33. Qxa7 {[%clk 0:24:39]} Nxa7
{[%clk 0:36:49]} 34. bxc5 {[%clk 0:24:27]} bxc5 {[%clk 0:37:13]} 35. Rb8
{[%clk 0:22:22]} Bf8 {[%clk 0:36:25]} 36. Bd1 {[%clk 0:21:26]} Nc8
{[%clk 0:31:51]} 37. Nb2 {[%clk 0:20:56]} Nc7 {[%clk 0:31:32]} 38. Ba4
{[%clk 0:19:20]} Bxa4 {[%clk 0:30:31]} 39. Nbxa4 {[%clk 0:19:40]} Na7
{[%clk 0:30:01]} 40. Nb5 {[%clk 0:16:16]} Na6 {[%clk 0:30:09]} 41. Rd8
{[%clk 0:15:11]} Nxb5 {[%clk 0:29:55]} 42. cxb5 {[%clk 0:15:38]} Nb4
{[%clk 0:30:14]} 43. b6 {[%clk 0:15:31]} Rb7 {[%clk 0:30:10]} 44. Ra8
{[%clk 0:14:27]} 1-0

[Event "Mistrovstvi Cech 2019 - FIDE"]
[Site "?"]
[Date "2019.10.30"]
[Round "6.2"]
[White "Flajsman, Pavel"]
[Black "Petr, Jakub"]
[Result "1/2-1/2"]
[BlackElo "2288"]
[WhiteElo "1887"]
[LiveChessVersion "1.4.8"]

1. d4 Nf6 2. Nf3 g6 3. c4 Bg7 4. g3 O-O 5. Bg2 d5 6. cxd5 Nxd5 7. O-O Nc6 8. Nc3
Nb6 9. Bf4 Nxd4 10. Nxd4 Qxd4 11. Qxd4 Bxd4 12. Nb5 Bxb2 13. Rab1 Bg7 14. Nxc7
Rb8 15. Nd5 e5 16. Nxb6 axb6 17. Be3 Be6 18. Rxb6 1/2-1/2

[Event "Mistrovstvi Cech 2019 - FIDE"]
[Site "?"]
[Date "2019.10.30"]
[Round "6.3"]
[White "Nagy, Ladislav"]
[Black "Stanek, Ondrej"]
[Result "1/2-1/2"]
[BlackElo "2063"]
[WhiteElo "2140"]
[LiveChessVersion "1.4.8"]

1. e4 {[%clk 1:30:54]} e5 {[%clk 1:29:04]} 2. Bc4 {[%clk 1:30:56]} Nf6
{[%clk 1:29:22]} 3. d3 {[%clk 1:30:50]} Nc6 {[%clk 1:28:56]} 4. Nf3
{[%clk 1:29:38]} Bc5 {[%clk 1:28:44]} 5. c3 {[%clk 1:26:33]} O-O {[%clk 1:28:37]}
6. O-O {[%clk 1:25:45]} d5 {[%clk 1:28:07]} 7. exd5 {[%clk 1:19:59]} Nxd5
{[%clk 1:28:25]} 8. b4 {[%clk 1:11:55]} Be7 {[%clk 1:25:42]} 9. Bb2
{[%clk 0:53:00]} Bg4 {[%clk 1:16:15]} 10. h3 {[%clk 0:49:32]} Bh5
{[%clk 1:16:09]} 11. Nbd2 {[%clk 0:45:27]} Nb6 {[%clk 1:14:09]} 12. Bb5
{[%clk 0:44:14]} Qd5 {[%clk 1:09:17]} 13. c4 {[%clk 0:36:41]} Qxd3
{[%clk 0:59:11]} 14. Bxc6 {[%clk 0:35:13]} bxc6 {[%clk 0:59:11]} 15. Nxe5
{[%clk 0:25:28]} Bxd1 {[%clk 0:52:22]} 16. Nxd3 {[%clk 0:25:52]} Bc2
{[%clk 0:50:12]} 17. Nc5 {[%clk 0:24:17]} Rfd8 {[%clk 0:48:14]} 18. Bc3
{[%clk 0:20:10]} 1/2-1/2